15 most popular motorsports - Statistics

General Stats
  • This quiz has been taken 86 times
  • The average score is 7 of 15
Answer Stats
driver motorsport % Correct
Max Verstappen formula 1
100%
Marq Marquez motogp
89%
Kyle Larson nascar
88%
Álex Palou indycar
78%
Pascal Werhlein formula e
68%
Alex Dunne formula 2
57%
Nikola Tsolov formula 3
53%
Petter Solberg rally
53%
Kamui kobayashi imsa
35%
Ayumu iwasa super formula
33%
Jeffrey Herlings motocross
13%
Dries Van Langendonck karting
7%
Álvaro Bautista world SBK
7%
Daan de Graaf mazda mx5 cup
1%
Larry Ten Voorde porsche carera cup
1%
No matching quizzes found
Score Distribution
Percent of People with Each Score
Percentile by Number Answered
Your Score History
You have not taken this quiz